Structural balancing : A clinical approach

Suitable for clinical courses in massage therapy, physical therapy, and chiropractic programs, this guide advances the reader's clinical knowledge and skills of trigger point therapy techniques, postural and body structural conditions that cause chronic pain and discomfort, and specific therapi...

Descripció completa

Guardat en:
Dades bibliogràfiques
Autor principal: Wright, Kyle C.
Format: Llibre
Idioma:Undetermined
Publicat: New York McGraw-Hill 2011
Matèries:
Etiquetes: Afegir etiqueta
Sense etiquetes, Sigues el primer a etiquetar aquest registre!
Thư viện lưu trữ: Trung tâm Học liệu Trường Đại học Cần Thơ
LEADER 00977nam a2200217Ia 4500
001 CTU_190220
008 210402s9999 xx 000 0 und d
020 |c 90 
082 |a 615.822 
082 |b W951 
100 |a Wright, Kyle C. 
245 0 |a Structural balancing : 
245 2 |b A clinical approach 
245 0 |c Kyle C. Wright. 
260 |a New York 
260 |b McGraw-Hill 
260 |c 2011 
520 |a Suitable for clinical courses in massage therapy, physical therapy, and chiropractic programs, this guide advances the reader's clinical knowledge and skills of trigger point therapy techniques, postural and body structural conditions that cause chronic pain and discomfort, and specific therapies and exercises for resolving those conditions 
650 |a Massage therapy,Musculoskeletal system,Điều trị bằng xoa bóp,Hệ thống cơ xương khớp 
910 |a Bằng 
980 |a Trung tâm Học liệu Trường Đại học Cần Thơ